000 00553nam a2200217 a 4500
001 BRCA_6498
005 20190320205500.0
008 260911s1906----enk#######---#000-0#eng-#
041 _aeng
044 _aenk
050 4 _aPZ3
_b.D534B1 1906
100 1 _aDickens, Charles
_d1812-1870
_916245
245 1 0 _aBleak house
_cCharles Dickens.
260 _aLondres
_bThomas Nelson
_c1906
300 _a928 p.
_c16 cm.
500 _aEdición con cantos dorados
500 _aL28
650 1 4 _aLiteratura inglesa
_916246
902 _aGFM
942 _2lcc
_cB
999 _c6182
_d6182